| 000 | 01624nam0a2200313 i 4500 | ||
|---|---|---|---|
| 001 | RU\NLR\BIBL_A\010745461 | ||
| 005 | 20260405125902.0 | ||
| 010 |
_a9785776409592 _9250 |
||
| 021 |
_aRU _b2015-22038 _91315 |
||
| 035 | _a(NILC)RuMoRGB-007897142 | ||
| 035 | _a(NLR Aleph) 010745461 | ||
| 090 |
_a9921606 _c9921606 |
||
| 100 | _a20150507d2014 k y0rusy50 ca | ||
| 101 | 0 | _arus | |
| 102 | _aRU | ||
| 105 | _ay|||z|||000yy | ||
| 200 | 1 |
_aМетодология формирования системы внутреннего контроля организации _eмонография _fСоколова Елизавета Сергеевна, Егорова Лариса Ивановна _gФедер. гос. бюджет. образоват. учреждение высш. проф. образования "Моск. гос. ун-т экономики, статистики и информатики" (МЭСИ)" |
|
| 210 |
_aМосква _cМЭСИ _d2014 |
||
| 215 |
_a204 с. _cил. _d21 |
||
| 320 | _aБиблиогр.: с. 203-204 (23 назв.) | ||
| 606 | 1 |
_aПредприятия _xВнутренний контроль _92182063 _3RU\NLR\AUTH\661312121 |
|
| 686 | 1 | _aУ052.9(2)2-218 | |
| 700 | 1 |
_7ca _8rus _aСоколова _bЕ. С. _cд-р экон. наук _gЕлизавета Сергеевна _934032 _3RU\NLR\AUTH\7751098 |
|
| 701 | 1 |
_7ca _8rus _aЕгорова _bЛ. И. _cканд. экон. наук, статистика _gЛариса Ивановна _934045 _3RU\NLR\AUTH\7751111 |
|
| 801 | 0 |
_aRU _bРГБ _c20150325 _gRCR |
|
| 942 | _cBOOK | ||
| 980 | _aNBR | ||